000
00256nam a2200097Ia 4500
001
705448
005
20250826162430.0
008
250824s9999 xx 000 0 und d
245
0
_a
OKUMAK YAZMAK VE YAŞAMAK ÜZERİNE
_c
SCHOPENHAUER
260
_b
ŞULE YAYINLARI
999
_c
705448
_d
705448